=LDR 00000nam 2200000 4500 =001 INLIS000000000050892 =005 20200317070345 =035 ##$$a 0010-0817000075 =007 ta =008 200317################g##########0#ind## =020 ##$$a 978-602-8277-71-6 =082 ##$$a 297.431 1 =084 ##$$a 297.431 1 DEA s =100 #$$a Deasylawati P. =245 1#$$a Sebelum aku menjadi istrimu /$c Deasylawati P. =250 ##$$a cet.4 =260 ##$$a Surakarta :$b Indiva,$c 2013 =300 ##$$a 224 hlm : $b ilus. ; $c 20 x 14 cm. =650 #4$$a Memilih Jodoh - Islam =990 ##$$a 31701782